[Event "2nd Split Open 2012"]
[Site "Split CRO"]
[Date "2012.08.15"]
[Round "5.8"]
[White "Adrian,C"]
[Black "Bontempi,P"]
[Result "0-1"]
[WhiteElo "2263"]
[BlackElo "2347"]

1.Nf3 d5 2.c4 d4 3.e3 Nc6 4.b4 dxe3 5.fxe3 Nxb4 6.Qa4+ Nc6 7.d4 Bd7 8.Qb3 e5
9.d5 Na5 10.Qc3 e4 11.Ne5 b6 12.Nd2 Nf6 13.Be2 Bd6 14.Bb2 Nb7 15.O-O Nc5
16.Nxd7 Ncxd7 17.Rf5 Nc5 18.Qc2 Be7 19.Raf1 Qd6 20.Be5 Qd7 21.d6 cxd6 22.Bxf6 gxf6
23.Nxe4 O-O-O 24.Nxc5 dxc5 25.Bf3 Qd3 26.Qa4 Qd7 27.Qa6+ Kb8 28.a4 Qc8 29.Qb5 Qxf5
30.Qc6 Qc8 31.Qa8+ Kc7 32.Qc6+ Kb8 33.Qa8+ Kc7 34.Qxa7+ Kd6 35.Rd1+ Ke6 36.Bd5+ Rxd5
37.cxd5+ Kd6 38.Qxb6+ Kd7 39.d6 Bd8 40.Qb1 Qc6 41.Qf5+ Ke8 42.a5 Kf8 43.a6 Qxa6
44.Qxc5 Qe2 45.d7+ Kg7 46.Qd4 Bb6 47.Qd5 Qxe3+ 48.Kh1 Rd8 49.g3 Rxd7 50.Qxd7 Qe4+  0-1

[Event "16th Izmailov Mem"]
[Site "Tomsk RUS"]
[Date "2012.08.15"]
[Round "9.10"]
[White "Puraev,A"]
[Black "Petrukhina,I"]
[Result "0-1"]
[WhiteElo "2183"]
[BlackElo "2212"]

1.Nf3 d5 2.c4 c6 3.g3 Nf6 4.Bg2 dxc4 5.O-O Nbd7 6.Qc2 Nb6 7.a4 a5 8.Na3 Qd5
9.Ne1 Qd4 10.e3 Qg4 11.e4 h5 12.Nxc4 Nxc4 13.Qxc4 h4 14.Bf3 Qh3 15.Bg2 Qg4
16.Bf3 Qg6 17.Ng2 Ng4 18.Bxg4 Bxg4 19.e5 O-O-O 20.Ne3 Bh3 21.Re1 e6 22.b4 Bxb4
23.Ba3 Bxd2 24.Bd6 hxg3 25.fxg3 Qh6 26.Qd4 Bb4 27.Nc4 Rxd6 28.Nxd6+ Bxd6
29.exd6 Bf5 30.Ra2 Qf6 31.Re5 Qd8 32.Rd2 f6 33.d7+ Kb8 34.Rc5 e5 35.Qd6+ Ka7
36.Kf1 Qb6 37.h4 Bxd7 38.Qe7 Bh3+ 39.Kg1 Rh5 40.Kh2 Bg4 41.Rc3 Rf5 42.Rcc2 Rf1
43.Qc5 Bf3 44.Qxb6+ Kxb6 45.g4 Bxg4 46.Rb2+ Kc7 47.Kg3 Rf4 48.Ra2 Be6 49.Ra1 Rg4+  0-1

[Event "16th Izmailov Mem"]
[Site "Tomsk RUS"]
[Date "2012.08.15"]
[Round "9.1"]
[White "Gritsenko,An"]
[Black "Pakhomov,E"]
[Result "1/2-1/2"]
[WhiteElo "2409"]
[BlackElo "2417"]

1.Nf3 d5 2.c4 e6 3.g3 Nf6 4.Bg2 dxc4 5.Qa4+ Nbd7 6.Qxc4 a6 7.Qc2 c5 8.O-O b6
9.Ne5 Nd5 10.d4 Bb7 11.Rd1 cxd4 12.Nc6 Qc7 13.Bxd5 exd5 14.Nxd4 Bd6 15.Nc3 O-O
16.Qf5 Be5 17.Bf4 Bxf4 18.Qxf4 Qxf4 19.gxf4 Rfd8 20.Nf5 Nf6 21.Rd4 g6 22.Ne3 Rac8
23.Rad1 Kf8 24.f3 Ke7 25.a4 a5 26.Kf2 Rd7 27.R1d2 Rc5 28.f5 Bc6 29.fxg6 hxg6
30.h4 Ke6 31.Rd1 Rc7 32.Ng2 Nh5 33.Ne3 Nf6 34.R1d2 Ke5 35.Rd1 Ke6 36.Ng2 Nh5
37.R1d2 Ke5 38.Ne1 Rc4 39.Nc2 Bb7 40.e3 Ng7 41.f4+ Kf5 42.Rxc4 Rxc4 43.Nxd5 Bxd5
44.Rxd5+ Ke6 45.Re5+ Kd6 46.Nd4 Rxa4 47.Rb5 Kc7 48.Kf3 Ra1 49.Ke4  1/2-1/2

[Event "Husek Vienna Open A"]
[Site "Vienna AUT"]
[Date "2012.08.15"]
[Round "3"]
[White "Borsos,B"]
[Black "Rohringer,G"]
[Result "0-1"]
[WhiteElo "2270"]
[BlackElo "2115"]

1.Nf3 d5 2.c4 e6 3.g3 Nf6 4.Bg2 Be7 5.O-O O-O 6.d4 dxc4 7.Ne5 Nc6 8.Bxc6 bxc6
9.Qa4 c5 10.Nc6 Qe8 11.Nxe7+ Qxe7 12.dxc5 Qxc5 13.Na3 Qh5 14.f3 Qc5+ 15.Kg2 c3
16.b3 Rd8 17.Nc2 Bd7 18.Qa3 Qh5 19.Qb4 e5 20.g4 Nxg4 21.fxg4 Bxg4 22.Qxc3 Bxe2
23.Ne3 Bxf1+ 24.Nxf1 Qe2+ 25.Kg1 Rd1 26.Qh3 Rad8 27.Bg5 Rxa1 28.Bxd8 Rxf1+
29.Qxf1 Qg4+ 30.Qg2 Qd4+ 31.Qf2 Qxd8 32.Qxa7 g6 33.b4 Qd1+ 34.Kg2 Qd2+ 35.Kf3 Qxb4
36.a4 Qc3+ 37.Ke4 Qe1+ 38.Kd5 Qh1+ 39.Kxe5 Qxh2+ 40.Kd5 Qd6+ 41.Kc4 Qc6+
42.Kb4 Qb6+  0-1

[Event "LBV Open A 2012"]
[Site "Roosendaal NED"]
[Date "2012.08.16"]
[Round "1.8"]
[White "Both,B"]
[Black "Haslinger,S"]
[Result "0-1"]
[WhiteElo "2145"]
[BlackElo "2524"]

1.Nf3 d5 2.c4 e6 3.d4 Nf6 4.e3 c5 5.cxd5 exd5 6.Be2 Nc6 7.O-O Be7 8.b3 Ne4
9.dxc5 Bf6 10.Nd4 Qa5 11.a3 Qxc5 12.b4 Qb6 13.Bb2 O-O 14.Ra2 a5 15.b5 Ne7
16.Nc3 Nc5 17.Na4 Nxa4 18.Qxa4 Bd7 19.Rc1 Rfc8 20.Raa1 h6 21.Qb3 Be5 22.Nf3 Bxb2
23.Qxb2 Qd6 24.h3 b6 25.a4 Ng6 26.Bd3 Nf8 27.Qe5 Rxc1+ 28.Rxc1 Qa3 29.Rc3 Qxa4
30.Kh2 Qa1 31.Nh4 Rc8  0-1

[Event "14th Sants Open A"]
[Site "Barcelona ESP"]
[Date "2012.08.17"]
[Round "1.2"]
[White "Gajewski,G"]
[Black "Maia,JE"]
[Result "1-0"]
[WhiteElo "2628"]
[BlackElo "2119"]

1.Nf3 d5 2.c4 c6 3.d4 e6 4.e3 f5 5.Bd3 Nf6 6.O-O Bd6 7.b3 Qe7 8.a4 a5 9.Ba3 O-O
10.Bxd6 Qxd6 11.Nc3 Ne4 12.Qc2 b6 13.cxd5 exd5 14.Rac1 Ba6 15.Ne5 Bxd3 16.Nxd3 Na6
17.Ne2 Rac8 18.f3 Nf6 19.Qd2 Rfe8 20.Rc3 g6 21.Rfc1 Rc7 22.Nef4 Rec8 23.h4 c5
24.Ne5 Nb4 25.Nfd3 cxd4 26.exd4 Nxd3 27.Nxd3 Qg3 28.Rxc7 Rxc7 29.Rxc7 Qxc7
30.Qe3 Qd6 31.Qc1 Qg3 32.Qc8+ Kg7 33.Qb7+ Kh6 34.Qxb6 Qxh4 35.Qc5 Kh5 36.Nf2 Qf4
37.Qc3 Kh6 38.Nh3 Qd6 39.Qd2+ Kg7 40.Qxa5 Nh5 41.Qa7+ Kh6 42.Qc5 Qg3 43.Qf8+ Ng7
44.Qe7  1-0

[Event "EY Boys U14 2012"]
[Site "Prague CZE"]
[Date "2012.08.17"]
[Round "1.48"]
[White "Thorgeirsson,Jon Kristinn"]
[Black "Winiarski,M"]
[Result "0-1"]
[WhiteElo "1747"]
[BlackElo "2031"]

1.Nf3 d5 2.c4 c6 3.cxd5 cxd5 4.d4 e6 5.Nc3 f5 6.Bg5 Be7 7.Bxe7 Qxe7 8.e3 Nf6
9.Rc1 O-O 10.Bd3 Nc6 11.O-O a6 12.Na4 Bd7 13.a3 Rad8 14.b4 Ne4 15.Nc5 Be8
16.Nd2 Nxc5 17.Rxc5 f4 18.Qb1 h6 19.Bh7+ Kh8 20.Nf3 Bh5 21.Kh1 Bxf3 22.gxf3 Qh4
23.Bd3 Qh3 24.Be2 e5 25.Rg1 e4 26.Rc3 Qh4 27.Qf1 fxe3 28.fxe3 exf3 29.Bxf3 Rf5
30.Qg2 Rg5 31.Qf1 Rf8 32.Rc2 Rxg1+ 33.Kxg1 Qg5+ 34.Kf2 Rxf3+ 35.Kxf3 Qf5+
36.Kg2 Qxc2+ 37.Kg3 Qg6+ 38.Kh3 Qe6+ 39.Kg2 Qe4+ 40.Kg1 Qxe3+ 41.Kh1 Qe4+
42.Kg1 Qxd4+ 43.Kg2  0-1

[Event "Husek Vienna Open A"]
[Site "Vienna AUT"]
[Date "2012.08.17"]
[Round "5"]
[White "Georgiev,Ki"]
[Black "Froewis,G"]
[Result "1-0"]
[WhiteElo "2682"]
[BlackElo "2383"]

1.Nf3 d5 2.c4 c6 3.e3 Nf6 4.Nc3 e6 5.b3 Bd6 6.Bb2 O-O 7.Be2 Re8 8.O-O e5
9.cxd5 cxd5 10.Nb5 Nc6 11.Nxd6 Qxd6 12.d4 e4 13.Ne5 Be6 14.Qd2 a6 15.Rfc1 Rac8
16.a4 Bf5 17.h3 h5 18.Ba3 Qe6 19.Nxc6 Rxc6 20.Rxc6 Qxc6 21.Rc1 Qd7 22.Qb4 Kh7
23.Qb6 Rc8 24.Rc5 Be6 25.a5 h4 26.Qb4 Ne8 27.Bf1 Nd6 28.Rxc8 Nxc8 29.Qc5 Kg6
30.Qf8 Kh7 31.Bc5 f6 32.Be2 Bf7 33.b4 Be6 34.Bh5 g6 35.Be2 Qf7 36.Qd8 Bd7
37.Bg4 Bxg4 38.hxg4 Qe6 39.Qc7+ Kg8 40.Qd8+ Kh7 41.Bf8 Qc6 42.g5 fxg5 43.Bc5 h3
44.gxh3 Qe6 45.Qc7+ Kg8 46.Qxb7 g4 47.h4 g3 48.fxg3 Qf5 49.Qc7  1-0

[Event "32nd Bratto Masters"]
[Site "Bratto ITA"]
[Date "2012.08.18"]
[Round "1.2"]
[White "Burmakin,V"]
[Black "Marguerettaz,D"]
[Result "1/2-1/2"]
[WhiteElo "2608"]
[BlackElo "2214"]

1.Nf3 d5 2.c4 e6 3.g3 dxc4 4.Qa4+ Nd7 5.Bg2 a6 6.Nc3 Rb8 7.Qxc4 b5 8.Qb3 Bb7
9.O-O c5 10.d3 Ne7 11.a4 b4 12.Ne4 Nc6 13.Bg5 Qb6 14.Rfc1 Na5 15.Qc2 Bxe4
16.dxe4 c4 17.Rd1 Bc5 18.e3 f6 19.Bf4 e5 20.Bh3 Rb7 21.Rxd7 Rxd7 22.Bxd7+ Kxd7
23.Bxe5 fxe5 24.Nxe5+ Ke7 25.Nxc4 Nxc4 26.Qxc4 Rd8 27.Rc1 Bxe3 28.fxe3 Qxe3+
29.Kh1 Qf3+ 30.Kg1 Qe3+ 31.Kh1 Qf3+  1/2-1/2

[Event "32nd Bratto Masters"]
[Site "Bratto ITA"]
[Date "2012.08.18"]
[Round "1.3"]
[White "Montani,F"]
[Black "David,Alb"]
[Result "1-0"]
[WhiteElo "2214"]
[BlackElo "2595"]

1.Nf3 d5 2.c4 e6 3.g3 Nf6 4.Bg2 Be7 5.O-O O-O 6.b3 c5 7.e3 Nc6 8.Bb2 d4 9.exd4 cxd4
10.Re1 Re8 11.d3 Bd6 12.Ba3 h6 13.Bxd6 Qxd6 14.a3 a5 15.Nfd2 Nd7 16.Ne4 Qf8
17.f4 f5 18.Nf2 Qd6 19.Nd2 b6 20.Nf3 Bb7 21.Ra2 Rab8 22.Nh4 Kh7 23.Qh5 Nf6
24.Qf7 Re7 25.Qg6+ Kg8 26.Rae2 Rbe8 27.Nh3 Qxa3 28.Ng5 hxg5 29.fxg5 Nh7 30.Rxe6 Nxg5
31.Rxe7 Rxe7 32.Bd5+ Nf7 33.Rxe7 Qxe7 34.Nxf5 Qf6 35.Qxf6 gxf6 36.Bxc6  1-0

[Event "12th ch-Euro Seniors"]
[Site "Kaunas LTU"]
[Date "2012.08.18"]
[Round "1.38"]
[White "Rumiancev,B"]
[Black "Ibragimov,E"]
[Result "1-0"]
[WhiteElo "2157"]
[BlackElo "1782"]

1.Nf3 d5 2.c4 c6 3.e3 Nf6 4.b3 Bg4 5.Bb2 e6 6.h3 Bxf3 7.Qxf3 Nbd7 8.Nc3 Bd6
9.Qd1 O-O 10.Be2 Rc8 11.d4 Ne4 12.Nxe4 dxe4 13.Qc2 f5 14.O-O-O b6 15.Kb1 Qe7
16.f4 a5 17.a4 Rb8 18.g4 Ba3 19.Bc3 Bb4 20.gxf5 exf5 21.Rhg1 Bxc3 22.Qxc3 Qf6
23.Qb2 Rb7 24.Rg5 h6 25.Rg3 c5 26.Rdg1 Kh7 27.h4 Rg8 28.h5 Nf8 29.d5 Qxb2+
30.Kxb2 Rd7 31.Bf1 Rd6 32.Be2 Rf6 33.Kc1 Rd6 34.Kd2 Rf6 35.Bf1 Rf7 36.Bh3 Rf6
37.R1g2 Rf7 38.Rg1 Rf6 39.Bf1 Rd6 40.Bh3 g6 41.hxg6+ Rgxg6 42.Rxg6 Nxg6 43.Rd1 Ne7
44.Ke2 Ng8 45.Kf2 Nf6 46.Kg3 Nd7 47.Kh4 Rf6 48.d6 Rf7 49.Kh5 Nf6+ 50.Kh4 Kg6
51.Rg1+ Ng4 52.Bxg4 fxg4 53.Rxg4+ Kf6 54.Kh5 Rf8 55.Rg6+ Kf5 56.d7 Rd8 57.Rd6  1-0

[Event "EY Girls U18 2012"]
[Site "Prague CZE"]
[Date "2012.08.18"]
[Round "2.2"]
[White "Aranaz Murillo,A"]
[Black "Perera Borrego,M"]
[Result "1-0"]
[WhiteElo "2237"]
[BlackElo "2066"]

1.Nf3 d5 2.c4 c6 3.g3 Bg4 4.Bg2 e6 5.cxd5 exd5 6.O-O Nf6 7.d3 Be7 8.Nc3 Nbd7
9.Qc2 O-O 10.h3 Bh5 11.e4 Nc5 12.Nh4 d4 13.Nb1 Nfd7 14.Nf5 Bf6 15.f4 Bg6
16.g4 Bxf5 17.gxf5 Be7 18.Nd2 Kh8 19.Nf3 Qb6 20.Kh2 Na6 21.Qc4 Rad8 22.Bd2 c5
23.Rab1 Qc7 24.Qc1 Rc8 25.a3 b5 26.Qe1 Qb6 27.Qf2 c4 28.Qxd4 Qxd4 29.Nxd4 cxd3
30.Nxb5 Rc2 31.Bc3 Ndc5 32.Nd4 Nxe4 33.Nxc2 dxc2 34.Rbc1 Nxc3 35.bxc3 Bxa3
36.Rxc2 Bc5 37.Rd1 h5 38.Kg3 Nc7 39.Rb2 Bb6 40.Bc6 Na6 41.Re2 Nc5 42.Rde1 Nd3
43.Re8 Bf2+ 44.Kh2 Bxe1 45.Rxf8+ Kh7 46.f6 gxf6 47.Re8 f5 48.Re3  1-0

[Event "2nd Split Open 2012"]
[Site "Split CRO"]
[Date "2012.08.18"]
[Round "8.25"]
[White "Sergienko,Vladislav"]
[Black "Stitterich,N"]
[Result "0-1"]
[WhiteElo "2191"]
[BlackElo "2001"]

1.Nf3 d5 2.c4 c6 3.d4 e6 4.e3 Nf6 5.Nbd2 Nbd7 6.Bd3 Bd6 7.O-O O-O 8.e4 dxe4
9.Nxe4 Nxe4 10.Bxe4 h6 11.Bc2 e5 12.b3 Re8 13.Bb2 e4 14.Ne5 f5 15.Kh1 Nf6
16.f3 Qe7 17.Qe1 c5 18.fxe4 cxd4 19.Ng6 Qf7 20.Nf4 Nxe4  0-1

[Event "Husek Vienna Open A"]
[Site "Vienna AUT"]
[Date "2012.08.18"]
[Round "6"]
[White "Froewis,G"]
[Black "Knitl,A"]
[Result "1/2-1/2"]
[WhiteElo "2383"]
[BlackElo "2187"]

1.Nf3 d5 2.c4 c6 3.e3 Nf6 4.Nc3 a6 5.a4 Bf5 6.Qb3 Ra7 7.a5 e6 8.d4 Nbd7 9.c5 Be7
10.Qb4 Qc7 11.Na4 Ra8 12.Nb6 Rb8 13.Bd2 O-O 14.Be2 Ne4 15.Bc3 Rfe8 16.Nxd7 Qxd7
17.Ne5 Qc7 18.f3 Nxc3 19.Qxc3 f6 20.Nd3 e5 21.Nf2 exd4 22.Qxd4 Qe5 23.f4 Qxd4
24.exd4 Bd8 25.Kd2 Bc7 26.g3 Re7 27.b4 Rbe8 28.Rhe1 g6 29.Bg4 Rxe1 30.Rxe1 Rxe1
31.Kxe1 Bxg4 32.Nxg4 Kf7 33.Ke2 h5 34.Ne3 h4 35.Kf3 hxg3 36.hxg3 Bb8 37.g4 Bc7
38.Ng2 Bb8 39.Ne1 Bc7 40.Nc2 Bb8 41.Ne3 Bc7 42.Nd1 Bb8 43.Nc3 Bc7 44.Na4 Ke6
45.Nb2 Kf7 46.Nd3 Ke6 47.Ne1 Bd8 48.Ng2 Kf7 49.f5 g5 50.Ne1 Ke7 51.Nc2 Kd7
52.Ke2 Bc7 53.Kd3 Bd8 54.Kc3 Bc7 55.Kb3 Bd8 56.Ne3 Bc7 57.Nd1 Bd8 58.Kc2  1/2-1/2

[Event "32nd Bratto Masters"]
[Site "Bratto ITA"]
[Date "2012.08.19"]
[Round "2.6"]
[White "Collutiis,D"]
[Black "Lanzani,M"]
[Result "1/2-1/2"]
[WhiteElo "2511"]
[BlackElo "2291"]

1.Nf3 d5 2.c4 dxc4 3.e3 a6 4.Bxc4 b5 5.Be2 Bb7 6.O-O e6 7.d4 Nf6 8.a4 b4
9.Nbd2 c5 10.dxc5 Nbd7 11.c6 Bxc6 12.Nd4 Bd5 13.Bf3 Nc5 14.Qe2 e5 15.Nc6 Qd6
16.Nxb4 e4 17.Nxd5 Qxd5 18.Bg4 Nxg4 19.Qxg4 f5 20.Qe2 Be7 21.Nc4 Rd8 22.Bd2 Nb3
23.Rad1 Qc6 24.Ne5 Qe6 25.Bc3 O-O 26.Rxd8 Rxd8 27.Rd1 Rc8 28.f4 exf3 29.gxf3 Bf6
30.f4 Nc5 31.a5 Ne4 32.Bd4 Qb3 33.Rf1 Bxe5 34.Bxe5 Rc2 35.Qxa6 Qxe3+ 36.Kh1 Rxh2+
37.Kxh2 Qg3+  1/2-1/2

[Event "32nd Bratto Masters"]
[Site "Bratto ITA"]
[Date "2012.08.19"]
[Round "2.11"]
[White "Montani,F"]
[Black "Colovic,A"]
[Result "1/2-1/2"]
[WhiteElo "2214"]
[BlackElo "2449"]

1.Nf3 d5 2.c4 c6 3.b3 Bg4 4.Bb2 e6 5.g3 Nd7 6.Bg2 Ngf6 7.O-O Bd6 8.d4 O-O
9.Nbd2 Qe7 10.Ne5 Bf5 11.Nxd7 Qxd7 12.Re1 Bb4 13.a3 Ba5 14.b4 Bc7 15.e4 Nxe4
16.Nxe4 Bxe4 17.Bxe4 dxe4 18.Rxe4 b5 19.d5 exd5 20.cxd5 cxd5 21.Rh4 f6 22.Qd3 g6
23.Rd4 Rad8 24.Qb3 Be5 25.Rd3 Bxb2 26.Qxb2 f5 27.f4 Rfe8 28.Rad1 Re4 29.Rxd5 Qxd5
30.Rxd5 Rxd5 31.Kg2 Red4 32.Kh3 h6 33.Qe2 Kf7 34.Qc2 g5 35.Qc7+ Rd7 36.Qe5 R7d5
37.Qc7+ Rd7 38.Qe5 R4d5 39.Qh8 gxf4 40.gxf4 R5d6 41.Qh7+ Ke6 42.Qg6+ Ke7
43.Qxf5 a6 44.Qh7+ Kf8 45.Qh8+ Kf7 46.Kg4 Rg6+ 47.Kf3 Rdd6 48.f5 Rg1 49.Kf4 Rgd1
50.Qh7+ Kf8 51.Qh8+ Kf7 52.Qh7+  1/2-1/2

[Event "21st Feffernitz Open"]
[Site "Feffernitz AUT"]
[Date "2012.08.19"]
[Round "1.12"]
[White "Jandke,M"]
[Black "Imperor,L"]
[Result "1-0"]
[WhiteElo "2137"]
[BlackElo "1743"]

1.Nf3 d5 2.c4 c6 3.d4 Nf6 4.Qc2 e6 5.e3 Nbd7 6.Nc3 Be7 7.a4 h6 8.Bd2 Qc7
9.O-O-O b6 10.Rg1 g5 11.Kb1 Bb7 12.cxd5 cxd5 13.Bb5 a6 14.Bd3 Rc8 15.Rc1 e5
16.Nxe5 Nxe5 17.dxe5 Qxe5 18.Bxa6 Qb8 19.Bxb7 Qxb7 20.Qf5 O-O 21.h4 Ne4 22.Nxe4 dxe4
23.hxg5 Bxg5 24.Bb4 Rfd8 25.Rgd1 Rxd1 26.Rxd1 Qc6 27.Bc3 Re8 28.Rd7 Qe6 29.Qxe6 Rxe6
30.Rb7 Bf6 31.Bxf6 Rxf6 32.Re7 Rxf2 33.Rxe4 Kg7 34.Rb4 Rf6 35.Kc2 Re6 36.Kd3 Kf6
37.Rb5 Ke7 38.g4 Kd7 39.Rf5 Ke7 40.Kd4 Rg6 41.Rf4 Rg5 42.b4 h5 43.gxh5 Rxh5
44.e4 Ke6 45.Rf5 Rh8 46.Rb5 Rd8+ 47.Kc4 Rc8+ 48.Kb3 Rc6 49.a5 bxa5 50.bxa5 Rc1
51.Kb4 Ra1 52.Rh5 f6 53.Kb5 Rb1+ 54.Kc6 Rc1+ 55.Kb6 Rd1 56.Rd5 Rb1+ 57.Rb5 Rd1
58.a6 Rd6+ 59.Ka5 Rd8 60.a7 Ra8 61.Ka6  1-0

[Event "EY Girls U18 2012"]
[Site "Prague CZE"]
[Date "2012.08.19"]
[Round "3.11"]
[White "Lach,A"]
[Black "Kaliadzich,M"]
[Result "1-0"]
[WhiteElo "2157"]
[BlackElo "1915"]

1.Nf3 d5 2.c4 e6 3.e3 Nf6 4.Qc2 Nbd7 5.b3 Bd6 6.Nc3 c6 7.Bb2 O-O 8.Be2 Qe7
9.g4 Nxg4 10.Rg1 Ngf6 11.O-O-O Ba3 12.Nd4 dxc4 13.Bxc4 Bxb2+ 14.Qxb2 Ne5
15.Be2 c5 16.Nc2 Ng6 17.f4 a6 18.Rdf1 b5 19.d3 Qc7 20.Bf3 Rb8 21.h4 c4 22.dxc4 bxc4
23.h5 Nh4 24.Ne4 Ne8 25.Nf6+ Nxf6 26.Rxg7+ Kxg7 27.h6+  1-0

[Event "EY Girls U18 2012"]
[Site "Prague CZE"]
[Date "2012.08.19"]
[Round "3.25"]
[White "Roy,Ali"]
[Black "Corotcova,A"]
[Result "1/2-1/2"]
[WhiteElo "1836"]
[BlackElo "1655"]

1.Nf3 d5 2.c4 c6 3.e3 Nf6 4.Nc3 e6 5.b3 Nbd7 6.Bb2 Bd6 7.Be2 b6 8.O-O O-O
9.d4 Bb7 10.Qc2 Qe7 11.cxd5 Nxd5 12.Ne4 Bc7 13.Neg5 N5f6 14.Ne5 h6 15.Ngf3 c5
16.Nxd7 Nxd7 17.Qc3 Bxf3 18.Bxf3 Rac8 19.Rfd1 cxd4 20.Qxd4 Ne5 21.Bb7 Rcd8
22.Qc3 f6 23.Rac1 Rxd1+ 24.Rxd1 Ng4 25.Qc6 Bxh2+ 26.Kf1 Ne5 27.Bxe5 fxe5
28.Qe4 Bg3 29.f3 Rd8 30.Rxd8+ Qxd8 31.Qc2 Qe7 32.Be4 Qd7 33.Qd3 Qxd3+ 34.Bxd3 Kf7
35.Ke2 Bh4 36.a4 a5 37.Bb5 Be7 38.Kd3 Bc5 39.Ke4 Kf6 40.Bc4 g5 41.g4  1/2-1/2

[Event "11th Lichtenberger Sommer 2012"]
[Site "Berlin GER"]
[Date "2012.08.20"]
[Round "3.68"]
[White "Koenig,Fr"]
[Black "Fischer,Ank"]
[Result "1-0"]
[WhiteElo "1949"]
[BlackElo "1828"]

1.Nf3 d5 2.c4 e6 3.g3 Nf6 4.Bg2 Nbd7 5.b3 Be7 6.O-O O-O 7.Bb2 c5 8.cxd5 exd5
9.d4 b6 10.Nc3 Bb7 11.Re1 Rc8 12.Rc1 Re8 13.e3 Ne4 14.Nxe4 dxe4 15.Nd2 Nf6
16.dxc5 Bxc5 17.Nc4 Qe7 18.Qe2 Ba6 19.Red1 Rcd8 20.Rxd8 Qxd8 21.Rd1 Qe7 22.Qc2 Rc8
23.Bxf6 Qxf6 24.Qxe4 b5 25.Ne5 Ba3 26.b4 Qe7 27.Nc6 Qxe4 28.Bxe4 Kf8 29.Rd7 Re8
30.Bd5 Bc8 31.Rxf7+ Kg8 32.Rxa7+ Be6 33.Bxe6+ Rxe6 34.Ra8+  1-0

[Event "12th World Uni Women"]
[Site "Guimaraes POR"]
[Date "2012.08.20"]
[Round "2.7"]
[White "Kadziolka,B"]
[Black "Zullkafli,N"]
[Result "1-0"]
[WhiteElo "2311"]
[BlackElo "2032"]

1.Nf3 d5 2.c4 e6 3.d4 Nf6 4.Nc3 c6 5.cxd5 exd5 6.Qc2 Nbd7 7.Bg5 Be7 8.e3 O-O
9.Bd3 Re8 10.h3 Nf8 11.O-O-O Nh5 12.Bxe7 Qxe7 13.g4 Nf6 14.Kb1 Ng6 15.Rdg1 Bd7
16.Bxg6 hxg6 17.Ne5 Rac8 18.h4 Nh7 19.Ka1 b6 20.Qd2 Qd6 21.g5 Bf5 22.h5 Qe7
23.f4 Qe6 24.h6 f6 25.hxg7 fxe5 26.Qh2 Kf7 27.Qxh7 Rg8 28.fxe5 Rxg7 29.Qh4 Ke7
30.Rf1 Rd8 31.Rf2 Qg8 32.Rfh2 Qf7 33.a3 Qe6 34.Qh6 Rdg8 35.Rf1 Kd7 36.Qh4 Qe7
37.e4 dxe4 38.Nxe4 Bxe4 39.Qxe4 Qxg5 40.Rg2 Qe7 41.Rf6 Kc7 42.Qxc6+ Kb8 43.Rgxg6 Rxg6
44.Rxg6 Rc8 45.Qd6+ Qc7 46.Ka2 Kb7 47.Qxc7+ Rxc7 48.Kb3 a6 49.Rd6 b5 50.e6 Re7
51.Kb4 Kc7 52.Rxa6 Kb7 53.Rd6 Kc7 54.Rd7+ Rxd7 55.exd7 Kxd7 56.Kxb5  1-0

[Event "2nd Isthmia Open A"]
[Site "Korinthia GRE"]
[Date "2012.08.20"]
[Round "4.7"]
[White "Nikolaidis,I"]
[Black "Miljkovic,Mir1"]
[Result "1/2-1/2"]
[WhiteElo "2562"]
[BlackElo "2449"]

1.Nf3 d5 2.c4 c6 3.g3 Nf6 4.Bg2 Bf5 5.Qb3 Qb6 6.d3 e6 7.Be3 dxc4 8.Bxb6 cxb3
9.axb3 Nbd7 10.Ba5 Bg4 11.Nbd2 Bxf3 12.Bxf3 Be7 13.Bc3 O-O 14.Nc4 Nd5 15.h4 a6
16.Kd1 Bd8 17.e3 Bc7 18.Ke2 Rfd8 19.Rhd1 Nc5 20.b4 Nd7 21.e4 Ne7 22.Bg2 Rac8
23.Na5 Rb8 24.Bh3 Nc8 25.Nb3 Nd6 26.Nc5 Nb5 27.d4 Nf6 28.Ke3 Ne8 29.Bf1 Nbd6
30.Be2 Bb6 31.g4 Nc7 32.f4 f5 33.gxf5 exf5 34.e5 Nd5+ 35.Kf3 Bxc5 36.bxc5 Nb5
37.Ba5 Rd7 38.Bc4 Re8 39.Be1 Nc7 40.Ra3 Ne6 41.Bg3 h5 42.Rb3 Ree7 43.Rdd3 Kf8
44.Bh2 Ke8 45.Rd2 Kd8 46.Ra3 Ke8 47.Rb3 Rd8 48.Rd1 Rdd7 49.Rd2 Rd8  1/2-1/2

[Event "27th Schwarzacher Open"]
[Site "Schwarzach AUT"]
[Date "2012.08.20"]
[Round "3.8"]
[White "Steinmueller,G"]
[Black "Egle,S"]
[Result "1/2-1/2"]
[WhiteElo "2214"]
[BlackElo "2214"]

1.Nf3 d5 2.c4 Nf6 3.cxd5 Nxd5 4.d4 g6 5.e4 Nb6 6.Nc3 Bg7 7.h3 O-O 8.Be3 c6
9.Be2 N8d7 10.Qd2 e5 11.Rd1 exd4 12.Bxd4 Nf6 13.O-O Be6  1/2-1/2

[Event "ZMDI Open A 2012"]
[Site "Dresden GER"]
[Date "2012.08.21"]
[Round "4"]
[White "Gutman,L"]
[Black "Prohaszka,P2"]
[Result "1/2-1/2"]
[WhiteElo "2455"]
[BlackElo "2563"]

1.Nf3 d5 2.c4 e6 3.g3 Nf6 4.Bg2 Be7 5.O-O O-O 6.b3 d4 7.e3 c5 8.exd4 cxd4
9.Bb2 Nc6 10.Re1 Re8 11.a3 a5 12.d3 Bf8 13.Ne5 Nxe5 14.Rxe5 Nd7 15.Rb5 Nc5
16.b4 axb4 17.axb4 Rxa1 18.Bxa1 Na6 19.c5 Nc7 20.Ra5 Nd5 21.Ra8 Nxb4 22.Bxb7 Qc7
23.Rxc8 Rxc8 24.Bxc8 Qxc8 25.Bxd4 Bxc5 26.Qg4 Bxd4 27.Qxd4 Qc1+ 28.Kg2 Nd5
29.Qc4  1/2-1/2

[Event "11th Lichtenberger Sommer 2012"]
[Site "Berlin GER"]
[Date "2012.08.22"]
[Round "5.88"]
[White "Theilig,Reinhard"]
[Black "Hohn,A"]
[Result "0-1"]
[WhiteElo "1722"]
[BlackElo "2004"]

1.Nf3 d5 2.c4 c6 3.b3 Bg4 4.e3 Nd7 5.Bb2 Ngf6 6.h3 Bh5 7.Be2 e6 8.O-O Be7
9.cxd5 cxd5 10.Nc3 O-O 11.Rc1 Rc8 12.Re1 a6 13.a3 Bg6 14.b4 Qb6 15.Nh4 Rfd8
16.Nxg6 hxg6 17.Na4 Qa7 18.Bd4 Qb8 19.Nb6 Rxc1 20.Qxc1 Nxb6 21.Bxb6 Rc8 22.Qb2 Ne4
23.Bd4 f6 24.d3 Nd6 25.Bg4 Kf7 26.e4 dxe4 27.dxe4 Nc4 28.Qa2 b5 29.Rc1 Qf4
30.Be3 Qxe4 31.Bf3 Qe5 32.Bb7 Rb8 33.Bxa6 Nxe3 34.Re1 Qd5 35.Qxd5 Nxd5  0-1

[Event "11th Lichtenberger Sommer 2012"]
[Site "Berlin GER"]
[Date "2012.08.22"]
[Round "5.43"]
[White "Paulsen,D"]
[Black "Barwich,Andreas"]
[Result "1-0"]
[WhiteElo "2374"]
[BlackElo "1945"]

1.Nf3 d5 2.c4 e6 3.d4 Nf6 4.Nc3 c5 5.e3 Nc6 6.a3 dxc4 7.Bxc4 a6 8.O-O b5
9.Ba2 Qc7 10.Qe2 Bb7 11.dxc5 Bxc5 12.b4 Ba7 13.Bb2 O-O 14.Rac1 Qe7 15.Ng5 Bb8
16.f4 h6 17.Nge4 Nxe4 18.Nxe4 e5 19.f5 Qh4 20.Nc5 Qe7 21.f6 gxf6 22.Qg4+ Kh8
23.Qh5 Ba7 24.Rxf6 Kg7 25.Qxh6+ Kg8 26.Rg6+  1-0

[Event "12th World Uni Men"]
[Site "Guimaraes POR"]
[Date "2012.08.22"]
[Round "5.2"]
[White "Papin,V"]
[Black "Wyss,J"]
[Result "1-0"]
[WhiteElo "2570"]
[BlackElo "2236"]

1.Nf3 d5 2.c4 e6 3.g3 c5 4.Bg2 Nf6 5.b3 Be7 6.Bb2 O-O 7.O-O Nc6 8.e3 b6 9.Nc3 Bb7
10.cxd5 exd5 11.d4 Ba6 12.Re1 c4 13.Ne5 Rc8 14.bxc4 Bxc4 15.Bh3 Rc7 16.Nxc4 dxc4
17.Nb5 Rb7 18.Bg2 Nd5 19.Qc1 Na5 20.Nc3 Nb4 21.Bxb7 Nd3 22.Qb1 Nxe1 23.Be4 Nd3
24.Bxd3 cxd3 25.Qxd3 f5 26.Rc1 Qd7 27.Qb5 Qxb5 28.Nxb5 a6 29.Nc7 b5 30.Nxa6 Nc4
31.Bc3 Ra8 32.Nc7 Rc8 33.Nd5 Ba3 34.Rb1  1-0

[Event "2nd Isthmia Open A"]
[Site "Korinthia GRE"]
[Date "2012.08.22"]
[Round "6.11"]
[White "Zygouris,H"]
[Black "Mastrovasilis,A"]
[Result "1/2-1/2"]
[WhiteElo "2207"]
[BlackElo "2539"]

1.Nf3 d5 2.c4 c6 3.e3 Nf6 4.Nc3 g6 5.d4 Bg7 6.Be2 O-O 7.O-O e6 8.Qc2 Nbd7
9.Rd1 Qe7 10.e4 dxe4 11.Nxe4 e5 12.Nxf6+ Bxf6 13.d5 Rd8 14.d6 Qf8 15.Bg5 Bxg5
16.Nxg5 c5 17.b4 a5 18.bxc5 Nxc5 19.Rd5 Bf5 20.Qc3 Ne6 21.Nxe6 Bxe6 22.Rxe5 b6
23.c5 bxc5 24.Rxc5 Qxd6 25.Bf3 Rac8 26.Rxc8 Rxc8 27.Qxa5 Rc2 28.Rd1 Rxa2
29.Qxa2 Qxd1+ 30.Bxd1 Bxa2 31.f4 f6 32.h4 h6 33.Kf2 Kg7 34.Ke3 g5 35.hxg5 hxg5
36.fxg5 fxg5 37.Kd4  1/2-1/2

[Event "III Sarkany-Aranytiz GM"]
[Site "Budapest HUN"]
[Date "2012.08.23"]
[Round "6.2"]
[White "Gonda,L"]
[Black "Gonzalez,Be CRC"]
[Result "1-0"]
[WhiteElo "2547"]
[BlackElo "2413"]

1.Nf3 d5 2.c4 c6 3.e3 Nf6 4.Nc3 a6 5.Qc2 g6 6.d4 Bg7 7.Bd3 Bg4 8.Ne5 Be6
9.Ne2 Nfd7 10.Nxd7 dxc4 11.Bxg6 hxg6 12.Nc5 Bd5 13.e4 b6 14.Na4 Be6 15.Be3 Qc7
16.d5 cxd5 17.Nxb6 Ra7 18.Nxd5 Qa5+ 19.Bd2 Qb5 20.Bc3 Bxc3+ 21.Qxc3 Rh4 22.O-O-O Nd7
23.Qg3 Rxe4 24.Nc7+ Rxc7 25.Qxc7 Kf8 26.Nc3 Qg5+ 27.Kb1 Re5 28.f4 Qxf4 29.Rhf1 Qg5
30.Rxd7 Bf5+ 31.Ka1 Bxd7 32.Qxd7 Qxg2 33.Qc8+ Kg7 34.Qxc4 Qxh2  1-0

[Event "EY Boys U14 2012"]
[Site "Prague CZE"]
[Date "2012.08.23"]
[Round "7.46"]
[White "Marek,Mat"]
[Black "Balaji,Ananthanarayanan"]
[Result "1-0"]
[WhiteElo "1975"]
[BlackElo "1859"]

1.Nf3 d5 2.c4 e6 3.e3 c6 4.b3 f5 5.Be2 Nf6 6.O-O Bd6 7.Ba3 O-O 8.d4 Bxa3
9.Nxa3 Qe7 10.Qc1 Nbd7 11.Qb2 a5 12.Rac1 Ne4 13.Nb1 g5 14.Nc3 g4 15.Ne5 Nxe5
16.dxe5 Nxc3 17.Qxc3 Bd7 18.c5 Be8 19.Rfd1 Bh5 20.Rd4 Kh8 21.g3 Bg6 22.Ra4 Qc7
23.Bd3 h5 24.h4 Kg7 25.Rc2 Rfb8 26.b4 axb4 27.Rxb4 Be8 28.Rb6 d4 29.exd4 Qd7
30.Bc4 Qf7 31.Qd2 Ra3 32.Qg5+ Kh7 33.Bb3 Qd7 34.Rc4 Bg6 35.Rcb4 f4 36.Qxf4 Ra7
37.Qf6 Bf7 38.Bc2+ Kg8 39.Be4 Rc8 40.Qg5+ Kf8 41.a4 Qe7 42.Qh6+ Kg8 43.Bh7+ Kh8
44.Bg6+ Kg8 45.Qh7+ Kf8 46.Qh8+ Bg8 47.Bxh5 Rca8 48.Qh6+ Qg7 49.Qxg7+ Kxg7
50.Rxb7+ Kf8 51.Rxa7 Rxa7 52.Bxg4 Ke7 53.Bf3 Kd7 54.Rb6 Rc7 55.a5 Bh7 56.a6 Bd3
57.h5 Bb5 58.h6 Bd3 59.Bxc6+ Rxc6 60.a7 Rc8 61.Rb8 Be4 62.Rxc8 Kxc8 63.h7 Bxh7
64.a8=Q+  1-0